000 00321nam a22001337a 4500
008 170405b xxu||||| |||| 00| 0 eng d
020 _a0195049636
041 _aeng
080 _a574
100 _a9
101 _aSHM
245 _aUSE AND ABUSE OF STATISTICAL METHODS IN THE EARTH SCIENCES
_cSIZE, W.B
942 _2udc
_cBK
999 _c9768
_d9768